Stati con il maggior numero di parlanti Russo - Statistics

Statistiche generali
  • Questo quiz è stato fatto 15 volte
  • Il punteggio medio è 9 su 10
Statistiche sulle risposte
Numero parlanti Continente Nazione % Corretto
3 793 800 Asia / Europa Kazakistan
100%
118 581 514 Asia / Europa Russia
100%
14 273 670 Europa Ucraina
100%
6 672 964 Europa Bielorussia
93%
3783 118 Europa Estonia
93%
698 757 Europa Lettonia
93%
264 162 Europa Moldavia
93%
720 300 Asia Uzbekistan
93%
305 802 Asia Turkmenistan
87%
482 200 Asia Kirghizistan
73%
Nessun quiz corrispondente trovato
Distribuzione punteggi
Percentuale di utenti per punteggio
Percentile per numero di risposta
I tuoi punteggi nel tempo
Non hai fatto questo quiz